Online
Catalog

Los Thaumata de Sofronio : (Record no. 38692)

MARC details
000 -CABECERA
campo de control de longitud fija 00738nam a2200193 a 4500
001 - NÚMERO DE CONTROL
campo de control 000039202
005 - FECHA Y HORA DE LA ÚLTIMA TRANSACCIÓN
campo de control 20201002031537.0
008 - DATOS DE LONGITUD FIJA--INFORMACIÓN GENERAL
campo de control de longitud fija 130611s1975 sp 000 0 spa d
020 ## - NÚMERO INTERNACIONAL ESTÁNDAR DEL LIBRO
Número Internacional Estándar del Libro 8400041097
040 ## - FUENTE DE LA CATALOGACIÓN
Centro catalogador/agencia de origen DO-SdBNP
Lengua de catalogación spa
Centro/agencia transcriptor BNPHU
100 1# - ENTRADA PRINCIPAL--NOMBRE DE PERSONA
Nombre de persona Fernández Marcos, Natalio
9 (RLIN) 15285
245 14 - MENCIÓN DE TÍTULO
Título Los Thaumata de Sofronio :
Resto del título contribución al estudio de la incubatio cristiana /
Mención de responsabilidad, etc. Natalio Fernández Marcos.
260 ## - PUBLICACIÓN, DISTRIBUCIÓN, ETC.
Lugar de publicación, distribución, etc. Madrid :
Nombre del editor, distribuidor, etc. Consejo Superior de Investigaciones Científicas
-- Instituto Antonio Nebrija,
Fecha de publicación, distribución, etc. 1975.
300 ## - DESCRIPCIÓN FÍSICA
Extensión 409 p. ;
Dimensiones 26 cm.
490 1# - MENCIÓN DE SERIE
Mención de serie Manuales y Añejos de Emerita
Designación de volumen o secuencia 31
504 ## - NOTA DE BIBLIOGRAFÍA, ETC.
Nota de bibliografía, etc. Bibliografía : p. 15-21
586 ## - NOTA DE PREMIOS
Nota de premios Premio "Antonio de Nebrija" 1970
830 #0 - PUNTO DE ACCESO ADICIONAL DE SERIE-TÍTULO UNIFORME
Título uniforme Manuales y Añejos de Emerita
Designación de volumen o secuencia 31
9 (RLIN) 63832
Holdings
Estado de retiro Estado de pérdida Restricciones de uso No para préstamo Código de colección Localización permanente Ubicación/localización actual Ubicación en estantería Fecha de adquisición Número de inventario Total de préstamos Signatura topográfica completa Código de barras Fecha visto por última vez Precio válido a partir de Tipo de ítem Koha
        Monografías: Libros y Folletos General General En catalogación 11.06.2013 LF1   39202-10 25.06.2020 25.06.2020 Préstamo en sala

Powered by Koha